|
|
|
|
| LEADER |
01323njm a2200325 a 4500 |
| 001 |
000583723 |
| 003 |
CZ BrMZK |
| 005 |
20020218112829.0 |
| 008 |
020115s2001 xr f cze d |
| 028 |
0 |
1 |
|a 54495-2
|b Popron Music
|
| 040 |
|
|
|a BOA001
|b cze
|
| 080 |
|
|
|a 785.16
|2 MRF
|
| 080 |
|
|
|a (086.7)
|2 MRF
|
| 100 |
1 |
|
|a Brichta, Aleš,
|d 1959-
|7 jn20000400266
|4 prf
|
| 245 |
1 |
0 |
|a American bull
|h [zvukový záznam]
|
| 260 |
|
|
|a Praha :
|b Popron Music,
|c p2001
|
| 300 |
|
|
|a 1 zvuková deska :
|b digital ;
|c 12 cm +
|e 1 brožura [12 s.]
|
| 500 |
|
|
|a Texty písní v brožuře
|
| 500 |
|
|
|a Nahráno ve studiích Propast - Hradec v červenci - září 2001
|
| 500 |
|
|
|a Vydáno také na kazetě s objednacím číslem 54495-4
|
| 500 |
|
|
|a Kompaktní deska
|
| 505 |
0 |
0 |
|t American bull --
|t Heavens door --
|t Sny jsou copánky pocitů --
|t Dálky --
|t Najdi si jiný lásky --
|t Nekonečná --
|t Bezcennej --
|t Spravedlnost bývá slepá --
|t Anebo snad ráno --
|t To chce klid --
|t Rozlehlá
|
| 511 |
0 |
|
|a Aleš Brichta, zpěv
|
| 511 |
0 |
|
|a Doprovázejí různí instrumentalisté
|
| 650 |
0 |
7 |
|a rockové písně
|7 ph224439
|2 czenas
|
| 655 |
|
4 |
|a populární hudba
|
| 655 |
|
4 |
|a rock
|
| 910 |
|
|
|a BOA001
|b CD-0010.007
|
| 990 |
|
|
|a AV
|
| 996 |
6 |
|
|b 261H010872
|c CD-0010.007
|l MZK
|r Sklad / do 24 hodin
|n 1
|w 000583723
|u 000010
|a 1
|e BOA001
|j MZK50
|s P
|